| 000 | 00544nam a2200193 4500 | ||
|---|---|---|---|
| 001 | 124294 | ||
| 003 | ES-MaACL | ||
| 005 | 20250827062623.0 | ||
| 007 | t| | ||
| 008 | 070214s1975 sp r ||||1| spa d | ||
| 110 | 1 |
_aEspaña _93622 |
|
| 130 | 0 | 0 |
_aLeyes, etc. _9122601 |
| 245 | 1 | 0 | _aReforma de la Ley del Suelo. |
| 260 |
_aMadrid : _bMinisterio de la Vivienda, _c1975. |
||
| 300 |
_a191 p. ; _c21 cm. |
||
| 710 | 1 |
_aEspaña. _bMinisterio de la Vivienda _93908 |
|
| 852 |
_aES-MaACL _jE-8603 _bR.92447 |
||
| 999 |
_c124294 _d124294 |
||